01156nam a2200253 i 450000100060000000300090000600500170001500700030003200800410003510000430007624501750011926000720029430000290036650000940039550500670048953000350055665000330059165100410062470000250066570000350069074000190072585200690074485600890081368958ES-MaACL20250721152415.0t|040818s1909 sp |||| | spa d1 aIbáñez Marín, José,d1862-190910aEducadores de nuestro ejército / cobra póstuma del coronel de Infantería Don José Ibáñez Marín ; prólogo del Excmo. Sr. General D. Federico de Madariaga. aMadrid : bImp. de la "Revista Técnica de Infª y Cabª", c1909. aXXXVII, 73 p. ; c23 cm. aPrecede al tít.: Publicaciones de la "Revista Técnica de Infantería y Caballería"8 aEncuadernado con: ; tMoral militar / rEduardo Tapia Téllez aDisponible en formato digital. 7aMilitares-zEspaña-yS.XIX 4aEspaña-xHistoria militar-yS.XIX.1 aMadariaga, Federico.0 aTapia de Téllez, Eduardo de.02aMoral militar. aES-MaACLjF-12345(2)cSPP2zRevisado enlace: 21 de julio de 20254 uhttp://bdh-rd.bne.es/viewer.vm?id=0000048064&page=1 yBiblioteca Digital Hispánica